01164cam a22002894a 4500952017500000999001700175001000900192003000400201005001700205008004100222010001700263020001800280040001800298042000800316050002200324082001900346100002500365245006000390260006000450300003600510504006600546650001700612856008800629856007600717906004500793942003600838 00102ddc40708MATHEMATICSaMESbMEScMATd2021-09-24e34g489.37l25m26o510 KOS/Dp41196q2026-06-17r2026-06-02 14:01:36s2026-06-02v675.00w2021-09-24yBKzGL22R1 c41153d4115313257696OSt20210702112025.0030630s2004 ne a b 001 0 eng  a 2003057854 a9780124211803 aDLCcDLCdDLC apcc00aQA39.3b.K67 200400a510222bKOS/D aKoshy, Thomas 9394310aDiscrete mathematics with applications /cThomas Koshy. aAmsterdam ;aBoston :bElsevier Academic Press,cc2004. axxiv, 1045 p. :bill. ;c25 cm. aIncludes bibliographical references (p. 899-905) and indexes. 0aMathematics.423Publisher descriptionuhttp://www.loc.gov/catdir/description/els041/2003057854.html413Table of contentsuhttp://www.loc.gov/catdir/toc/els041/2003057854.html a7bcbccorignewd1eocipf20gy-gencatlg 2ddccBKh510iKOS/Dk510mKOS/D